| 000 | 00612nam a2200193 i 4500 | ||
|---|---|---|---|
| 001 | 120149 | ||
| 003 | ES-MaACL | ||
| 005 | 20251012063047.0 | ||
| 007 | t| | ||
| 008 | 070214n19001990sp r ||||1| spa d | ||
| 100 | 1 |
_aPérez Vidal, José, _d1907-1990 _9160934 |
|
| 245 | 1 | 0 |
_aContribución al estudio de la medicina popular canaria / _cJosé Pérez Vidal. |
| 260 |
_a[s.l.] : _b[s.n.], _c[19__?] |
||
| 300 |
_a29 h., 1 lám. ; _c25 cm. |
||
| 500 | _aEs separata 30-88 pág. | ||
| 650 | 4 |
_aMedicina popular- _zCanarias. _9160936 |
|
| 852 |
_aES-MaACL _j1973-F-20 _bR.37003 |
||
| 999 |
_c120149 _d120149 |
||